Statistics for Famous People Named Nicholas

Click here to take the quiz!

General Stats

  • This quiz has been taken 164 times
    (73 since last reset)
  • The average score is 10 of 20

Answer Stats

HintAnswer% Correct
"Ghost Rider" actorNicolas Cage
88%
Tom Cruise's exNicole Kidman
79%
Inventor of A/C powerNikola Tesla
79%
Discovered that the Earth
revolves around the Sun
Nicolaus Copernicus
69%
Joe and Kevin's brother/bandmateNick Jonas
66%
French President, 2007-2012Nicolas Sarkozy
62%
Renaissance philosopher who
wrote "The Prince"
Niccolò Machiavelli
54%
"48 Hrs." and "Cape Fear" starNick Nolte
54%
Scarred Austrian F1 driverNiki Lauda
53%
Pink-wigged rapperNicki Minaj
51%
Founder of an Italian "Alfa"
auto making company
Nicola Romeo
50%
The Pussycat Dolls lead singerNicole Scherzinger
41%
Notorious Romanian dictatorNicolae Ceaușescu
40%
This ex-husband of Mariah Carey
hosted 8 seasons of the AGT
Nick Cannon
38%
Current leader of VenezuelaNicolás Maduro
37%
6x English golf championNick Faldo
28%
Serbian-born basketball player
and Denver Nuggets MVP
Nikola Jokić
26%
"About a Boy" child star who
later portrayed Beast in "X-Men"
Nicholas Hoult
25%
Alabama's football coachNick Saban
25%
Most fined male tennis playerNick Kyrgios
22%

Score Distribution

Percentile by Number Answered

Percent of People with Each Score

Your Score History

You have not taken this quiz since the last reset